Statystyki dla historia

Kliknij tutaj aby rozwiązać quiz!

Ogólne statystyki

  • Ten quiz został rozwiązany 9 razy
  • Średni wynik to 2 z 51

Statystyki odpowiedzi

HintOdpowiedź% Poprawnych
monoteizmwiara w jednego boga
78%
politeizmwielobostwo
56%
ares, marsbog wojny
22%
izydabogini piekna
11%
nowozytnosc1492r do 1914r
0%
wspolczesnosc1918 do dzis
0%
prehistoria3,3 mln lat temu do 4000/3500 pne
0%
starozytnosc3500 pne do 476 ne
0%
sredniowiecze476r do 1492r
0%
hermes,merkurybog handlu, opiekun kupcow
0%
atena, minerwabogini madrosci
0%
afrodyta, wenusbogini milosci i piekna
0%
hestia, westabogini ogniska domwego
0%
artemida, dianabogini swiata zwierzecego i roslinnego
0%
demetter. ceresbogini urodzaju
0%
hefajstos,wulkanbog ognia i sztuki kowalskiej
0%
hades, plutonbog podziemnego swiata zmarlych
0%
rebog slonca
0%
bunt prometejskibunt bluznierczy wybitnej jednostki
0%
koszula dejanirycierpienie
0%
kapitalizmdominuje wlasnosc prywatna, wolny rynek
0%
meki tanalafrustracja z powodu nieosiagnieca danego celu
0%
kalwinizmgloszenie nauki o przeznaczeniu czlowieka, 1536 rok
0%
mazurekjozef wybicki 1798 1927
0%
amon rekrol bogow
0%
rotamaria konopnicka 1908
0%
nic ariadnymetoda wyjscia z problemu
0%
ikarowy lotmlodziencze marzenia i idealy
0%
pieta achillesanajslabszy punkt
0%
judaizmobjawiona i monoteistyczna, wiara w mezjasza, 2000 p.n.e, gwiazda dawida
0%
horusopiekun monarchii egipskiej
0%
anubisopiekun zmarlych
0%
faszyzmpanstwo jest najwazniejsze
0%
kon trojanskipodstep
0%
syzyfowa pracapraca bezcelowa
0%
wezel gordyjskiproblem nie do rozwiazania
0%
monarchareprezentowanie wladzy przez jedna osobe, pelni wladze dozywotnio
0%
chrzescijanstwowiara w boga, 1 rok n.e, krzyz ryba
0%
islamwiara w boga allaha, 7 wiek n.e, ksiezyc z gwiazda
0%
hinduizmwiara w szczegolna i fizyczna obecnosc swego boga w wizerunku, 5 wiek p.n.e, znak OM lub sfastyka hinduistyczna
0%
stajnia augiaszawielki balagan
0%
buddyzmwierza w reinkarnacje i ze wszystkie zwierzeta sa sobie rowne, 5 lub 6 wiek p.n.e, kolo drahmy
0%
miecz damoklesawiszace nad kims niebezpieczenstwo
0%
posejdon, neptunwladca morz i oceanow
0%
zeus, jowiszwladca nieba i ziemi
0%
komunizmwszystko jest wspolna wlasnoscia
0%
nazizmzakłada wyższość rasy aryjskiej nad innymi narodami,cechuje się rasizmem
0%
socjalizmzasady rownosci i wspolnoty
0%
jablko niezgodyzrodlo klotni i wojen
0%
rog obfitoscizrodlo wiecznego bogactwa
0%
pyrrusowe zwyciestwozwyciestwo osiagniete zbyt wielkim kosztem
0%

Rozkład punktacji

Percentyl według liczby udzielonych odpowiedzi

Procent ludzi z każdym wynikiem

Twoja historia wyników

Nie rozwiązałeś tego quizu